Estudio económico para la determinación del salario mínimo en la actividad de la caña de azúcar

Estudio en 65 empresas del sector de la caña de azúcar en Guatemala para la fijación del salario mínimo, informa sobre las leyes que regulan los salarios mínimos y define que es actividad cañera. Estudia las característias del cultivo (condiciones climáticas, superficie cultivada, producción, asiste...

Täydet tiedot

Tallennettuna:
Bibliografiset tiedot
Yhteisötekijä: Guatemala. Ministerio de Trabajo y Previsión Social. Comisión Nacional del Salario
Aineistotyyppi: Teksti
Julkaistu: Guatemala: MTPS
Aiheet:
Tagit: Lisää tagi
Ei tageja, Lisää ensimmäinen tagi!

MARC

LEADER 00000 a a2200000 04500
001 19849
003
040
090 |a 080400  
110 |a Guatemala. Ministerio de Trabajo y Previsión Social. Comisión Nacional del Salario  
245 |a Estudio económico para la determinación del salario mínimo en la actividad de la caña de azúcar  
260 |a Guatemala:   |b MTPS  
300 |a 82 p.  
520 |a Estudio en 65 empresas del sector de la caña de azúcar en Guatemala para la fijación del salario mínimo, informa sobre las leyes que regulan los salarios mínimos y define que es actividad cañera. Estudia las característias del cultivo (condiciones climáticas, superficie cultivada, producción, asistencia crediticia), el costo de la vida, el salario vital, la fuerza de trabajo (incluyendo división social del trabajo y salarios correspondientes), y la situación financiera de la empresa (ventas, gastos de operación y utilidades)./ACM  
650 |a GUATEMALA  
650 |a CAÑA DE AZUCAR  
650 |a LEGISLACION DEL TRABAJO  
650 |a SALARIO MINIMO  
999 |c 15268  |d 15268